04383cam a22003618i 450000100090000000300050000900500170001400800410003101000170007202000310008903500130012004000290013304200080016205000250017008200360019510000270023124501540025826300090041226400560042130000470047733600260052433700280055033800270057849000310060550400410063650523060067752007650298365000310374865000250377965000360380470000280384077601530386822407641CSPC20251006155046.0220202s2022 nyu 000 0 eng  a 2022000872 a9781032246635q(paperback) a22407641 aDLCbengerdacDLCdCSPC apcc00aLB1027.23b.M46 202200a371.394bM561h223/eng/202202091 aMesibov, Don,eauthor.10aHelping students take control of their own learning :b279 learner-centered social-emotional strategies for teachers /cDon Mesibov and Dan Drmacich. a2205 1aNew York, NY ;aAbingdon, Oxon :bRoutledge,c2022. axxii, 249 pages :billustrations ;c25 cm. atextbtxt2rdacontent aunmediatedbn2rdamedia avolumebnc2rdacarrier0 aRoutledge eye on education aIncludes bibliographical references.0 aSection One. Why do schools need to change? -- Learner-centered education (LCE) and social-emotional learning (SEL): you can't have one without the other -- The iron is hot -- Research supports the need for change -- Best practices are for all students -- Many students are bored and unmotivated -- Section Two. How do the teachers' and students' roles change? -- It all starts with the teacher -- Prioritize what impacts student learning -- Student needs. interests, and learning styles should be at the center of a lesson -- Motivation is derived from what students find interesting relevant, or just plain fun -- Teachers are classroom coaches -- Critical thinking is the main focus for student learning -- Advisories, journaling, and conferencing are essential -- Music and art facilitate learning in all disciplines -- Students need a vision -- Introverted (or quiet) children require special strategies -- Educators can make use of lectures and be effective -- Section Three. Is there room for the affective domain? -- Content and social-emotional learning are compatible -- Let all students know they are liked as individuals: the classroom culture sends a message to students -- Teaching good citizenship prepares students for life and raises student achievement -- More activities to start the year or to use any time -- Section Four. Do students find school relevant? -- Classroom tasks must be meaningful and authentic -- 9/11 and COVID-19: opportunities for student learning -- Section Five. How do we test what students should be learning? -- Assessment practices drive instruction -- Standardized tests directly impact what teachers teach, what students learn, and how students learn -- Section Six. What should all teachers understand? -- How to interact with disruptive students -- Schools must be trauma-sensitive -- Social justice is a critical element of good citizenship -- Addressing controversial issues with civil discourse through effective use of student-centered practices -- Lessons form COVID-19: online instruction and utilizing technology can support, not replace, good teaching -- Change how student progress is reported -- Section Seven. Is meaningful school reform possible? -- Agents of change, please step forward -- There can be major school reform at minimal cost. a"What does learner-centered education look like, and how can we best put it into practice? This helpful book by experienced educators Don Mesibov and Dan Drmacich answers those questions and provides a wide variety of strategies, activities, and examples to help you with implementation. Chapters address topics such as positioning students at the center of the lesson and teachers as coaches; making tasks relevant and engaging; incorporating the affective domain and social emotional learning; assessing learning, and more. Appropriate for new and experienced teachers of all grades and subjects, this book will leave you feeling ready to help students take control of their own learning, so they can reach higher levels of success"--cProvided by publisher. 0aStudent-centered learning. 0aAffective education. 0aActivity programs in education.1 aDrmacich, Dan,eauthor.08iOnline version:aMesibov, Don.tHelping students take control of their own learningdNew York, NY : Routledge, 2022z9781003284697w(DLC) 2022000873